[Event "GER-chT U12 Girls"]
[Site "Berlin"]
[Date "2022.12.28"]
[Round "5.7"]
[White "Klymenko, Mariia"]
[Black "Fettan, Nua"]
[Result "1/2-1/2"]
[WhiteElo "996"]
[BlackElo "1103"]
[PlyCount "63"]
[EventDate "2022.12.26"]
[EventType "team-swiss"]
[EventRounds "7"]
[EventCountry "GER"]
[SourceTitle "EXT 2024"]
[Source "ChessBase"]
[SourceDate "2023.10.10"]
[SourceVersion "1"]
[SourceVersionDate "2023.10.10"]
[SourceQuality "1"]
[WhiteTeam "Lichtenberg Borussia"]
[BlackTeam "Blankenese"]
[WhiteTeamCountry "GER"]
[BlackTeamCountry "GER"]

1. e4 e5 2. Nf3 Nc6 3. Bc4 Bc5 4. c3 d6 5. d3 Bg4 6. Be3 Bxe3 7. fxe3 Nf6 8. 0-0 0-0 9. Nbd2 Na5 10. h3 Bh5 11. Qe1 Nxc4 12. Nxc4 d5 13. exd5 Bxf3 14. Rxf3 Qxd5 15. Qg3 Rfe8 16. Rxf6 Rac8 17. Rf5 Qxd3 18. Rxe5 Qxc4 19. Qf4 Qxf4 20. exf4 Rxe5 21. fxe5 Re8 22. Rd1 Rc8 23. Kf2 h6 24. g4 Re8 25. Re1 g5 26. b4 Kg7 27. a4 Kg6 28. c4 f6 29. exf6 Rxe1 30. Kxe1 Kxf6 31. Ke2 Ke5 32. Ke3 1/2-1/2